A damper on development (Record no. 76706)

MARC details
000 -LEADER
fixed length control field 01025cab a2200205 4500
001 - CONTROL NUMBER
control field ##L132941
008 - FIXED-LENGTH DATA ELEMENTS--GENERAL INFORMATION
fixed length control field 060324n2006 000 0 eng u
035 ## - SYSTEM CONTROL NUMBER
System control number (Sirsi) u132941
041 0# - LANGUAGE CODE
Language code of text/sound track or separate title eng
100 ## - MAIN ENTRY--PERSONAL NAME
Personal name McCreath, Gordon
245 #2 - TITLE STATEMENT
Title A damper on development
260 ## - PUBLICATION, DISTRIBUTION, ETC.
Date of publication, distribution, etc. 2006
490 #0 - SERIES STATEMENT
Series statement Estates Gazette
Volume/sequential designation (0611) 18 March 2006, 189(1)
520 ## - SUMMARY, ETC.
Summary, etc. Urges developers in Scotland to take on board the importance of the Water Environment (Controlled Activities) (Scotland) Regulations 2005 which came into force in June last year and implement the Water Framework Directive. Outlines the new controls on activities, the costs and planning implications and provides some must-dos for developers. Assesses the effects of the regulations and warns of the dangers of non-compliance.
590 ## - LOCAL NOTE (RLIN)
Local note IKA280306
650 24 - SUBJECT ADDED ENTRY--TOPICAL TERM
Topical term or geographic name entry element WATER ENVIRONMENT (CONTROLLED ACTIVITIES) (SCOTLAND) REGULATIONS 2005
650 24 - SUBJECT ADDED ENTRY--TOPICAL TERM
Topical term or geographic name entry element DIRECTIVE 2000/60/EC
690 ## - LOCAL SUBJECT ADDED ENTRY--TOPICAL TERM (OCLC, RLIN)
Topical term or geographic name as entry element ENVIRONMENTAL AND LAND CONSULTANCY-WATER RESOURCE MANAGEMENT
942 ## - ADDED ENTRY ELEMENTS (KOHA)
Suppress in OPAC 0
Holdings
Withdrawn status Lost status Source of classification or shelving scheme Damaged status Not for loan Home library Current library Shelving location Date acquired Total Checkouts Full call number Barcode Date last seen Copy number Price effective from Koha item type
    Dewey Decimal Classification     London London Journal article 24/03/2006   L132941 132941-1001 06/08/2019 1 06/08/2019 Journal article